00496nam a2200193 a 4500001001300000003000900013005001700022008004100039020001000080082002000090100002100110245001200131260004100143300000900184500003500193505003700228650001600265700002100281nice12345678IN_TiNIC20260116012346.0050524s1982 kara grp 000 0 urd  ac10000a891.4391bSHA13 aShahbaz, Amrohvi aToe Zoe aKarachibBazm-E-Arbab-E-Sukhanc1982 a173p aincludes index and biblioraphy2 aGlossary, Bibliography and index aUrdu-Poetry1 aShahbaz, Amrohvi